Κατάλογος Βιβλιοθηκών Mediterranean College

Marketing for Hospitality and Tourism (Record no. 4095)

MARC details
000 -LEADER
fixed length control field 01442cam a22002174a 4500
005 - ΗΜΕΡΟΜΗΝΙΑ ΚΑΙ ΩΡΑ ΤΕΛΕΥΤΑΙΑΣ ΕΝΗΜΕΡΩΣΗΣ
Πεδίο ελέγχου 20250605164136.0
008 - FIXED-LENGTH DATA ELEMENTS--GENERAL INFORMATION
Πεδίο ελέγχου σταθερού μήκους 250528s ||||||||||||||||||||||||d
035 ## - SYSTEM CONTROL NUMBER
System control number 18782
020 ## - ISBN
ISBN 133956253
040 ## - ΠΗΓΗ ΚΑΤΑΛΟΓΟΓΡΑΦΗΣΗΣ
Φορέας πρωτότυπης καταλογογράφησης MC Athens Campus Library
Γλώσσα καταλογογράφησης Ελληνικά, Μοντέρνα (1453-)
Modifying agency MC Athens Campus Library
Κανόνες περιγραφικής καταλογογράφησης AACR2
245 1# - ΤΙΤΛΟΣ ΚΑΙ ΔΗΛΩΣΗ ΥΠΕΥΘΥΝΟΤΗΤΑΣ
Τίτλος Marketing for Hospitality and Tourism
260 ## - PUBLICATION, DISTRIBUTION, ETC.
Name of publisher, distributor, etc. Prentice Hall,
Date of publication, distribution, etc. 1996
300 ## - PHYSICAL DESCRIPTION
Extent 706
520 ## - SUMMARY, ETC.
Summary, etc. Introduction: Marketing for Hospitality and Tourism, Social Foundations of Marketing: Meeting Human Needs, The Role of Marketing in Strategic Planning, Service Characteristics of Hospitality and Tourism Marketing, The Marketing Environment, Marketing Research and Information Systems, Consumer Markets and Consumer Buying Behavior, Organizational Buyer Behavior of Group Markets, Market Segmentation Targeting and Positioning, Designing and Managing Products, Internal Marketing, Building Customer Satisfaction Through Quality, Pricing Products: Pricing Considerations and Approaches and Strategy, Managing Capacity and Demand, Distribution Channels, Promoting Products: Communication and Promotion Policy, Promoting Products: Advertising and Direct Marketing and Sales Promotion, Promoting Products: Public Relations, Professional Sales, Destination Marketing, Next Year's Marketing Plan, References, Index.
700 1# - ΠΡΟΣΘΕΤΗ ΑΝΑΓΡΑΦΗ--ΦΥΣΙΚΟ ΠΡΟΣΩΠΟ
Personal name Bowen John
9 (RLIN) 3683
700 1# - ΠΡΟΣΘΕΤΗ ΑΝΑΓΡΑΦΗ--ΦΥΣΙΚΟ ΠΡΟΣΩΠΟ
Personal name Kotler Philip
9 (RLIN) 1146
700 1# - ΠΡΟΣΘΕΤΗ ΑΝΑΓΡΑΦΗ--ΦΥΣΙΚΟ ΠΡΟΣΩΠΟ
Personal name Makens James
9 (RLIN) 3684
942 ## - ADDED ENTRY ELEMENTS (KOHA)
Koha item type Books
Holdings
Τύπος τεκμηρίου Βιβλιοθήκη Τρέχουσα τοποθεσία Barcode Αριθμός εισαγωγής Ημερομηνία απόκτησης Ταξιθετικό σύμβολο Αριθμός αντιτύπου Κατάσταση απόσυρσης Κατάσταση χαμένου Κατάσταση κατεστραμμένου Μη δανεισμός Σύνολο δανεισμών Ημερομηνία τελευταίας εμφάνισης Η τιμή ισχύει από
Books MC Athens Campus Library MC Athens Campus Library 9780000040947 3693 05/06/2025 647.94/068/8 KOT 1           05/06/2025 05/06/2025

MC Athens Campus Library
Πατησίων 94 & Κοδριγκτώνος 13, 104 34
Πελλήνης 8 & Πατησίων 107, 112 51
Τ: +30 210 8899600

MC Thessaloniki Campus Library
Ίωνος Δραγούμη 21, 54625 | Ίωνος Δραγούμη 15, 54625
Τ: +30 2310 287779 – Τ: +30 2314 440300